000 00198 a2200097 4500
001 2714
100 _aDelbars, Y.
245 _aThe real stalin
260 _a
_bGeorge Allen
_c
090 _c2010
_d2010
942 _aNUST-CAE
_cM
_c11226
999 _c237787
_d237787